| 000 | 00539nam a22001577a 4500 | ||
|---|---|---|---|
| 020 | _qHard Cover. | ||
| 100 | _aJaved, Sofia | ||
| 245 |
_aNovel Materials for Dye Sensitized Solar Cells / _cSofia Javed. |
||
| 260 |
_aIslamabad: _bSCME - NUST, _c2015. |
||
| 300 |
_axvii, 106 p. : ill. ; _c30cm. |
||
| 650 |
_aPhD-Materials Engineering _9123162 |
||
| 700 |
_aDr. Mohammad Mujahid. _919410 |
||
| 856 | _uhttp://10.250.8.41:8080/xmlui/handle/123456789/21786 | ||
| 942 |
_2ddc _cTHE |
||
| 999 |
_c527905 _d527905 |
||